000 00635nam a2200193Ia 4500
003 GCL
008 140319s9999 xx 000 0 ara d
040 _aGCL /
_cGCL
082 0 4 _aد
_b050
100 1 _aحسن نافعة
245 1 0 _aالامم المتحدة فى نصف قرن : دراسة فى تطور التنظيم الدولى منذ 1945 (عالم المعرفة 202) /
_cحسن نافعة
300 _a478 ص
490 _aعالم المعرفة
_v0
650 0 4 _aحقوق الانسان
650 0 4 _aنزع السلاح
650 0 4 _aالامم المتحدة
650 0 4 _aحفظ السلام
942 _2ddc
_cBK
999 _c46192
_d46192